000 00592nam a2200217 a 4500
001 19055
003 BD-RjUL
005 20211209000358.0
008 140223s1964 enk 000 1 eng d
035 _a(BD-RjUL)19113
040 _aBD-RjUL
_beng
_cBD-RjUL
_dBD-RjUL
041 _aeng
082 _a823.7
_bAUE 1964
100 1 _aAusten, Jane,
_d1775-1817.
_958719
245 1 0 _aEmma /
_c Jane Austen
260 _aLondon :
_bDent,
_c1964
300 _axiv, 427 p. :
_c18 cm
500 _aFirst published in 1923.
650 _a Man-woman relationships
_v Fiction.
_958522
942 _2ddc
_cBK
999 _c19055
_d19055